LIBRARY & INFORMATION CENTRE, KCAET, TAVANUR

ONLINE PUBLIC ACCESS CATALOGUE (OPAC)

Operations research for management / (Record no. 11109)

MARC details
000 -LEADER
fixed length control field 00586cam a2200229ua 4500
020 ## - INTERNATIONAL STANDARD BOOK NUMBER
ISBN 0 85226 917 X
041 ## - LANGUAGE CODE
Language code of text/sound track or separate title eng
082 ## - DEWEY DECIMAL CLASSIFICATION NUMBER
Classification number 658.4034
Item number SHE/OP
100 ## - MAIN ENTRY--AUTHOR NAME
Personal name Shenoy, G V .
245 ## - TITLE STATEMENT
Title Operations research for management /
250 ## - EDITION STATEMENT
Edition statement 2 /
260 ## - PUBLICATION, DISTRIBUTION, ETC. (IMPRINT)
Place of publication New Delhi :
Name of publisher Wiley Eastern Ltd ,
Year of publication 1991.
300 ## - PHYSICAL DESCRIPTION
Number of Pages 398 ; .
700 1# - ADDED ENTRY--PERSONAL NAME
Personal name Sharma, S.C.
700 1# - ADDED ENTRY--PERSONAL NAME
Personal name Srivastava, U K .
942 ## - ADDED ENTRY ELEMENTS (KOHA)
Koha item type Books
Holdings
Withdrawn status Lost status Damaged status Home library Current library Date acquired Full call number Accession Number Koha item type
      KAUAET KAUAET 07/04/2012 658.4034 17841 Books
      KAUAET KAUAET 07/04/2012 658.4034 20415 Books
      KAUAET KAUAET 07/04/2012 658.4034 SHE/OP 19981 Books
free website counter